| 000 | 00660 a2200181 4500 | ||
|---|---|---|---|
| 003 | Nust | ||
| 005 | 20170207153207.0 | ||
| 040 | _cNust | ||
| 082 | _a005.1 | ||
| 100 | _aAwan, Ahmed Rahat ( MSCS-7) | ||
| 245 |
_aDesign and implementation of radio network and packet data servicing Node (R-P) interface over CDMA2000 _cRahat Ahmed Awan |
||
| 260 |
_aRawalpindi _bMCS, NUST _c2005 |
||
| 300 | _avii,88,p; | ||
| 505 | _aIntroduction (page-1) Functional model of 3GPP2 (page-11) R-P Interface (page-19) R-P (A10/11) interface procedures (page-33) Analysis and conclusion (page-62) | ||
| 538 | _aAlmirah No 73 Shelf No 1 | ||
| 650 | _aPG Thesis | ||
| 651 | _aMSCS-7 | ||
| 942 | _cTHS | ||
| 999 |
_c181259 _d181259 |
||